Vendedores profesionales (Record no. 50052)

MARC details
000 -LEADER
campo de control de longitud fija 00594nam a2200181 i 4500
001 - NÚMERO DE CONTROL
campo de control 50052
003 - IDENTIFICADOR DE NÚMERO DE CONTROL
campo de control ES-MaACL
005 - FECHA Y HORA DE LA ÚLTIMA TRANSACCIÓN
campo de control 20230906162119.0
007 - CAMPO FIJO DE DESCRIPCIÓN FÍSICA--INFORMACIÓN GENERAL
campo de control de longitud fija t|
008 - DATOS DE LONGITUD FIJA--INFORMACIÓN GENERAL
campo de control de longitud fija 030729s1971 sp ||||1| spa d
100 1# - ENTRADA PRINCIPAL--NOMBRE DE PERSONA
Nombre de persona Crissy, W.J.E.
9 (RLIN) 41627
245 10 - MENCIÓN DEL TÍTULO
Título Vendedores profesionales
Resto del título : libro de ejercicios /
Mención de responsabilidad, etc. W. J. E. Crissy, Robert M. Kaplan ; [traducción de Luis Salgado Martínez].
260 ## - PUBLICACIÓN, DISTRIBUCIÓN, ETC.
Lugar de publicación, distribución, etc. Salamanca :
Nombre del editor, distribuidor, etc. Anaya,
Fecha de publicación, distribución, etc. [1971]
300 ## - DESCRIPCIÓN FÍSICA
Extensión XII, 172 p. ;
Dimensiones 24 cm.
700 1# - ENTRADA AGREGADA--NOMBRE PERSONAL
Nombre de persona Kaplan, Robert M.
9 (RLIN) 67525
700 1# - ENTRADA AGREGADA--NOMBRE PERSONAL
Nombre de persona Salgado Martínez, Luis.
9 (RLIN) 101903
852 ## - LOCALIZACIÓN
Ubicación ES-MaACL
Número de control de estantería C-44500
Sublocalización o colección R.79422
Holdings
Estatus retirado Estado de pérdida Estado de daño No para préstamo Biblioteca de origen Biblioteca actual Ubicación en estantería Fecha de adquisición Fuente de adquisición Total de préstamos Signatura topográfica completa Código de barras Visto por última vez Precio de reemplazo Tipo de ítem Koha
        Biblioteca del Ateneo de Madrid Biblioteca del Ateneo de Madrid Depósito 2 17/01/2008     C-44500 1052655 23/02/2023 23/02/2023 Libro impreso